000 00632nam a22002297a 4500
003 UA-OsUOA
001 99499
007 ta
008 20130429b un ||||| |||| 00| 0 ukr d
100 _aТельпугов В.
090 _a821.161.1
_bТ31
942 _cBK
040 _aUA-OsUOA
_brus
_cUA-OsUOA
_dUA-OsUOA
245 _aТе дни и ночи, те рассветы...
_bрассказы
300 _a207 с.
955 _a3
041 _arus
080 _a821.161.1
260 _aМ.
_bСовременник
_c1989
650 7 _a82 Література. Літературознавство
_2UDC
999 _c385743
_d385743